<?xml version="1.0" encoding="UTF-8"?>
<collection xmlns="http://www.loc.gov/MARC21/slim">
 <record>
  <leader>03683pam a22003258a 4500</leader>
  <controlfield tag="001">00034260</controlfield>
  <controlfield tag="005">20200730150743.0</controlfield>
  <controlfield tag="008">160530s2016                  ||||||Viesd</controlfield>
  <datafield tag="020" ind1="#" ind2="#">
   <subfield code="a">9786040086693</subfield>
   <subfield code="c">50000</subfield>
  </datafield>
  <datafield tag="041" ind1="0" ind2="#">
   <subfield code="a">Vie</subfield>
  </datafield>
  <datafield tag="082" ind1="1" ind2="4">
   <subfield code="a">378.001</subfield>
   <subfield code="b">GI108TR</subfield>
  </datafield>
  <datafield tag="100" ind1="1" ind2="#">
   <subfield code="a">Nguyễn, Văn Đệ</subfield>
  </datafield>
  <datafield tag="245" ind1="0" ind2="0">
   <subfield code="a">Giáo trình lí luận dạy học đại học trong khoa học giáo dục</subfield>
   <subfield code="c">Nguyễn Văn Đệ, Nguyễn Thanh Hùng, Hoàng Thị Minh Phương</subfield>
  </datafield>
  <datafield tag="260" ind1="#" ind2="#">
   <subfield code="a">Hà Nội</subfield>
   <subfield code="b">Giáo dục</subfield>
   <subfield code="c">2016</subfield>
  </datafield>
  <datafield tag="300" ind1="#" ind2="#">
   <subfield code="a">120 tr.</subfield>
   <subfield code="c">24 cm.</subfield>
  </datafield>
  <datafield tag="653" ind1="#" ind2="#">
   <subfield code="a">Giáo trình</subfield>
  </datafield>
  <datafield tag="653" ind1="#" ind2="#">
   <subfield code="a">Giáo dục</subfield>
  </datafield>
  <datafield tag="653" ind1="#" ind2="#">
   <subfield code="a">Dạy học</subfield>
  </datafield>
  <datafield tag="653" ind1="#" ind2="#">
   <subfield code="a">Khoa học giáo dục</subfield>
  </datafield>
  <datafield tag="653" ind1="#" ind2="#">
   <subfield code="a">Đại học</subfield>
  </datafield>
  <datafield tag="653" ind1="#" ind2="#">
   <subfield code="a">Phương pháp</subfield>
  </datafield>
  <datafield tag="653" ind1="#" ind2="#">
   <subfield code="a">Lí luận</subfield>
  </datafield>
  <datafield tag="700" ind1="1" ind2="#">
   <subfield code="a">Hoàng, Thị Minh Phương</subfield>
  </datafield>
  <datafield tag="700" ind1="1" ind2="#">
   <subfield code="a">Nguyễn, Thanh Hùng</subfield>
  </datafield>
  <datafield tag="852" ind1="#" ind2="#">
   <subfield code="b">Kho giáo trình</subfield>
   <subfield code="j">KGT.0050421, KGT.0050422, KGT.0050423, KGT.0050424, KGT.0050425, KGT.0050426, KGT.0050427, KGT.0050429, KGT.0050430, KGT.0050431, KGT.0050432, KGT.0050433, KGT.0050434, KGT.0050435, KGT.0050436, KGT.0050437, KGT.0050438, KGT.0050439, KGT.0050440, KGT.0050441, KGT.0050442, KGT.0050443, KGT.0050444, KGT.0050445, KGT.0050446, KGT.0050447, KGT.0050448, KGT.0050449, KGT.0050450, KGT.0050451, KGT.0050452, KGT.0050453, KGT.0050454, KGT.0050455, KGT.0050456, KGT.0050457, KGT.0050458, KGT.0050459, KGT.0050460, KGT.0050461, KGT.0050462, KGT.0050463, KGT.0050464, KGT.0050465, KGT.0050466, KGT.0050467, KGT.0050468, KGT.0050469, KGT.0050470, KGT.0050471, KGT.0050472, KGT.0050473, KGT.0050474, KGT.0050475, KGT.0050476, KGT.0050477, KGT.0050478, KGT.0050479, KGT.0050480, KGT.0050481, KGT.0050482, KGT.0050483, KGT.0050484, KGT.0050485, KGT.0050486, KGT.0050487, KGT.0050488, KGT.0050489, KGT.0050490, KGT.0050491, KGT.0050492, KGT.0050493, KGT.0050494, KGT.0050495, KGT.0050496, KGT.0050497, KGT.0050498, KGT.0050499, KGT.0050500, KGT.0050501, KGT.0050502, KGT.0050503, KGT.0050504, KGT.0050505, KGT.0050506, KGT.0050507, KGT.0050508, KGT.0050509, KGT.0050510, KGT.0050511, KGT.0050512, KGT.0050513, KGT.0050514, KGT.0050515, KGT.0050516, KGT.0050517, KGT.0050518, KGT.0050519, KGT.0050520, KGT.0050519</subfield>
  </datafield>
  <datafield tag="852" ind1="#" ind2="#">
   <subfield code="j">KGT.0050431</subfield>
   <subfield code="j">KGT.0050433</subfield>
   <subfield code="j">KGT.0050434</subfield>
   <subfield code="j">KGT.0050436</subfield>
   <subfield code="j">KGT.0050437</subfield>
   <subfield code="j">KGT.0050439</subfield>
   <subfield code="j">KGT.0050440</subfield>
   <subfield code="j">KGT.0050442</subfield>
   <subfield code="j">KGT.0050443</subfield>
   <subfield code="j">KGT.0050457</subfield>
   <subfield code="j">KGT.0050458</subfield>
   <subfield code="j">KGT.0050460</subfield>
   <subfield code="j">KGT.0050461</subfield>
   <subfield code="j">KGT.0050463</subfield>
   <subfield code="j">KGT.0050464</subfield>
   <subfield code="j">KGT.0050466</subfield>
   <subfield code="j">KGT.0050467</subfield>
   <subfield code="j">KGT.0050469</subfield>
   <subfield code="j">KGT.0050470</subfield>
   <subfield code="j">KGT.0050472</subfield>
   <subfield code="j">KGT.0050473</subfield>
   <subfield code="j">KGT.0050475</subfield>
   <subfield code="j">KGT.0050476</subfield>
   <subfield code="j">KGT.0050478</subfield>
   <subfield code="j">KGT.0050425</subfield>
   <subfield code="j">KGT.0050427</subfield>
   <subfield code="j">KGT.0050430</subfield>
   <subfield code="j">KGT.0050422</subfield>
   <subfield code="j">KGT.0050423</subfield>
   <subfield code="j">KGT.0050480</subfield>
   <subfield code="j">KGT.0050481</subfield>
   <subfield code="j">KGT.0050483</subfield>
   <subfield code="j">KGT.0050484</subfield>
   <subfield code="j">KGT.0050486</subfield>
   <subfield code="j">KGT.0050487</subfield>
   <subfield code="j">KGT.0050490</subfield>
   <subfield code="j">KGT.0050491</subfield>
   <subfield code="j">KGT.0050492</subfield>
   <subfield code="j">KGT.0050493</subfield>
   <subfield code="j">KGT.0050495</subfield>
   <subfield code="j">KGT.0050496</subfield>
   <subfield code="j">KGT.0050498</subfield>
   <subfield code="j">KGT.0050502</subfield>
   <subfield code="j">KGT.0050503</subfield>
   <subfield code="j">KGT.0050505</subfield>
   <subfield code="j">KGT.0050506</subfield>
   <subfield code="j">KGT.0050510</subfield>
   <subfield code="j">KGT.0050511</subfield>
   <subfield code="j">KGT.0050513</subfield>
   <subfield code="j">KGT.0050514</subfield>
   <subfield code="j">KGT.0050516</subfield>
   <subfield code="j">KGT.0050517</subfield>
   <subfield code="j">KGT.0050446</subfield>
   <subfield code="j">KGT.0050447</subfield>
   <subfield code="j">KGT.0050449</subfield>
   <subfield code="j">KGT.0050450</subfield>
   <subfield code="j">KGT.0050452</subfield>
   <subfield code="j">KGT.0050453</subfield>
   <subfield code="j">KGT.0050455</subfield>
   <subfield code="j">KGT.0050499</subfield>
   <subfield code="j">KGT.0050500</subfield>
   <subfield code="j">KGT.0050508</subfield>
   <subfield code="j">KGT.0050509</subfield>
   <subfield code="j">KGT.0050518</subfield>
   <subfield code="j">KGT.0050519</subfield>
   <subfield code="j">KD.0017787</subfield>
   <subfield code="j">KGT.0050421</subfield>
   <subfield code="j">KGT.0050424</subfield>
   <subfield code="j">KGT.0050426</subfield>
   <subfield code="j">KGT.0050429</subfield>
   <subfield code="j">KGT.0050432</subfield>
   <subfield code="j">KGT.0050435</subfield>
   <subfield code="j">KGT.0050438</subfield>
   <subfield code="j">KGT.0050441</subfield>
   <subfield code="j">KGT.0050444</subfield>
   <subfield code="j">KGT.0050445</subfield>
   <subfield code="j">KGT.0050448</subfield>
   <subfield code="j">KGT.0050451</subfield>
   <subfield code="j">KGT.0050454</subfield>
   <subfield code="j">KGT.0050456</subfield>
   <subfield code="j">KGT.0050459</subfield>
   <subfield code="j">KGT.0050488</subfield>
   <subfield code="j">KGT.0050462</subfield>
   <subfield code="j">KGT.0050465</subfield>
   <subfield code="j">KGT.0050468</subfield>
   <subfield code="j">KGT.0050471</subfield>
   <subfield code="j">KGT.0050474</subfield>
   <subfield code="j">KGT.0050477</subfield>
   <subfield code="j">KGT.0050479</subfield>
   <subfield code="j">KGT.0050482</subfield>
   <subfield code="j">KGT.0050485</subfield>
   <subfield code="j">KGT.0050489</subfield>
   <subfield code="j">KGT.0050494</subfield>
   <subfield code="j">KGT.0050497</subfield>
   <subfield code="j">KGT.0050501</subfield>
   <subfield code="j">KGT.0050504</subfield>
   <subfield code="j">KGT.0050507</subfield>
   <subfield code="j">KGT.0050512</subfield>
   <subfield code="j">KGT.0050515</subfield>
  </datafield>
  <datafield tag="852" ind1="#" ind2="#">
   <subfield code="b">Kho đọc</subfield>
   <subfield code="j">KD.0017787</subfield>
  </datafield>
  <datafield tag="852" ind1="#" ind2="#">
   <subfield code="b">Kho mượn</subfield>
   <subfield code="j">KGT.0050421</subfield>
  </datafield>
  <datafield tag="910" ind1="0" ind2="#">
   <subfield code="d">30/05/2016</subfield>
  </datafield>
  <datafield tag="980" ind1="#" ind2="#">
   <subfield code="a">Trung tâm Học liệu Lê Vũ Hùng, Trường Đại học Đồng Tháp</subfield>
  </datafield>
 </record>
</collection>
